000
00250nam a2200109Ia 4500
008
190914s9999||||xx |||||||||||||| ||und||
100
_a
Roger Cartwright
245
0
_a
Empowerment
260
_a
India
_b
McGraw Hill
_c
1996
300
_a
220
942
_c
BK
999
_c
9389
_d
9389